USING WORDSTAR .RELEASE 5 (Record no. 584622)
[ view plain ]
| 000 -LEADER | |
|---|---|
| fixed length control field | 00283nam a22001217a 4500 |
| 020 ## - INTERNATIONAL STANDARD BOOK NUMBER | |
| International Standard Book Number | 0-88022-361-8 |
| 082 ## - DEWEY DECIMAL CLASSIFICATION NUMBER | |
| Classification number | 005.74 DIT'U |
| 100 ## - MAIN ENTRY--PERSONAL NAME | |
| Personal name | DITLEA, S |
| 9 (RLIN) | 79599 |
| 245 ## - TITLE STATEMENT | |
| Title | USING WORDSTAR .RELEASE 5 |
| 260 ## - PUBLICATION, DISTRIBUTION, ETC. | |
| Place of publication, distribution, etc. | INDIANA |
| Name of publisher, distributor, etc. | QUE CORPORATION |
| Date of publication, distribution, etc. | 1988 |
| 300 ## - PHYSICAL DESCRIPTION | |
| Extent | XXI, 628P |
| 942 ## - ADDED ENTRY ELEMENTS (KOHA) | |
| Koha item type | Book |
| Withdrawn status | Lost status | Damaged status | Not for loan | Permanent Location | Current Location | Shelving location | Date acquired | Total Checkouts | Full call number | Barcode | Date last seen | Price effective from | Koha item type |
|---|---|---|---|---|---|---|---|---|---|---|---|---|---|
| College of Electrical & Mechanical Engineering (CEME) | College of Electrical & Mechanical Engineering (CEME) | General Stacks | 07/04/2017 | 005.74 DIT'U | CEME-23341 | 06/28/2021 | 06/28/2021 | Book |
